000 00219 a2200097 4500
001 17592
100 _aHarger R O
245 _aSynthetic aperture radar systems
260 _a
_bAcademic Press
_c
090 _c12984
_d12984
942 _aNUST-CAE
_cM
_c3318
999 _c252665
_d252665